Wiedzmin - Statystyki

Ogólne statystyki
  • Ten quiz został rozwiązany 2 282 razy
  • Średni wynik to 14 z 29
Statystyki odpowiedzi
Co to za postac ? Odpowiedź % Poprawnych
bez i agrest Yennefer
96%
kochanka geralta Triss
94%
Starsza Krew Ciri
93%
przyjaciel geralta bard Jaskier
89%
głowny bohater Geralt z Rivii
83%
przyjaciel geralta krasnolud Zoltan
83%
przyjaciel geralt wampir Regis
77%
dowódca niebieskich pasów Vernon
72%
zabójca foltesta Letho
71%
córka cracha Cerys
68%
Skeligijski druid Myszowór
65%
syn cracha Hjalmar
64%
wampir z bouclaire Dettlaff
50%
elfi wiedzący Avallach
47%
zwykły skurwysyn Iorweth
42%
Jeden z niewielu najpoteżniejszych wapirów Ukryty
42%
okrutny pirat zmieniony w wilkołaka Morkvarg
31%
nawigator naglfaru Caranthir
29%
Bernard Dukat Talar
29%
tchórz opiekujący sie ciri Skjall
26%
przywodca magów w 2 bitwie o soden Vilgefortz
25%
złoty smok Villentretenmerth
22%
krwawa królewna redanii Falka
21%
władczyni brokilonu Eithne
17%
czczony przed vodyanoi Dagon
14%
elfia proroczka Ithlinne
11%
za panne jagódke Ronvid
10%
został zmieniony w potwora za gwałt na kapłance Nivellen
8%
słaba strona - uczciwość Ge'els
7%
Nie znaleziono quizów pasujących do podanych kryteriów
Rozkład punktacji
Procent ludzi z każdym wynikiem
Percentyl według liczby udzielonych odpowiedzi
Twoja historia wyników
Nie rozwiązałeś tego quizu